| 000 | 01250cam a2200361 i 4500 | ||
|---|---|---|---|
| 999 |
_c14072 _d14072 |
||
| 001 | vtls000566852 | ||
| 003 | NUKAT | ||
| 005 | 20181114141831.0 | ||
| 008 | 050920s1967 pl a f f |001 0 pol c | ||
| 035 | _azz2005855795 | ||
| 039 | 9 |
_a201803160701 _bkopul _c201712150954 _dvagh _c201706261828 _dkopumk _c201603180855 _dvuwm |
|
| 040 |
_aWR U/Chm _cWR U/kl _dWR U/jc _dWR U/jcs _dGL 001/FAN |
||
| 041 | 1 |
_apol _hrus |
|
| 100 | 1 |
_aZajdel', Aleksandr Natanovič _d(1909-1987). |
|
| 240 | 1 | 0 |
_aÈlementarnye ocenki ošibok izmerenij _l(pol.) |
| 245 | 1 | 0 |
_aElementarna ocena błędów pomiarów / _cA. N. Zajdel ; [tł. Jerzy Greń]. |
| 260 |
_aWarszawa : _bPaństwowe Wydawnictwo Naukowe, _c1967. |
||
| 300 |
_a71, [4] s. : _bil. ; _c21 cm. |
||
| 504 | _aIndeks. | ||
| 650 | _aRachunek błędów. | ||
| 700 | 1 |
_aGreń, Jerzy. _eTł. |
|
| 710 | 2 |
_aPaństwowe Wydawnictwo Naukowe (1951-1992). _4pbl _9995 |
|
| 942 |
_2ddc _cBK |
||